Score 0/20 Timer 04:00
1 Play Today
Title - Source Missing Word % Correct
The Most Beautiful Girl in the _____ - Song World
93%
You _____ So Beautiful - Song Are
89.5%
A Beautiful _____ - Movie Mind
84.4%
_____ Is Beautiful - Movie Life
82.3%
When You're In Love With A Beautiful _____ - SongWoman
79.7%
Love Is a Beautiful _____ - Song Thing
72.6%
The _____ and the Beautiful - TV ShowBold
70.5%
If I Said You Had a Beautiful ____ Would You Hold It Against Me - Song Body
67.6%
Beautiful _____ - SongDay
67.6%
_____ Beautiful – Song You’re
44%
Title - Source Missing Word % Correct
Beautiful _____ - Movie Girls
24.5%
_____ Is Beautiful - Song Everything
24%
_____/Beautiful - Movie Crazy
23.5%
Beautiful _____ – SongPeople
18.3%
Beautiful _____ – Song Soul
14.9%
Beautiful _____ - Song Stranger
13.7%
Beautiful _____ – Song Liar
12.4%
Beautiful _____ - MovieCreatures
10.6%
Beautiful _____ - Album Loser
9.7%
Beautiful _____ - Song Noise
6.6%

Today's Daily Dose

Missing Word
'T' Pairs

Word Ladder
Game Pieces

Get the Picture
Baseball Movies

Remove Ads.
Support Sporcle.
Get the best of Sporcle when you Go Orange. This ad-free experience offers more features, more stats, and more fun while also helping to support Sporcle. Thank you for becoming a member.

You're not logged in!

Compare scores with friends on all Sporcle quizzes.
OR
Log In

Show Comments

Extras

Top Quizzes Today


Score Distribution

Your Account Isn't Verified!

In order to create a playlist on Sporcle, you need to verify the email address you used during registration. Go to your Sporcle Settings to finish the process.

Report this User

Report this user for behavior that violates our Community Guidelines.

Details: